History Quiz

Random History or Clickable Quiz

40 English Women Quiz Stats

 Plays Quiz Updated Sep 17, 2015

Also try: Women on Stamps
Challenge
Share
Tweet
Embed
Score 0/40 Timer 10:00
0 Plays Today
% Correct
Margaret Thatcher
97.5%
Diana, Princess of Wales
97.4%
Joanne (J.K.) Rowling
96.3%
Julie Andrews
94.8%
Catherine, Duchess of Cambridge
91.6%
Queen Elizabeth II
90.7%
Jane Austen
90.7%
Agatha Christie
87.2%
Mary Shelley
83.5%
Florence Nightingale
83.3%
Queen Elizabeth I
80.3%
Queen Victoria
79.5%
Charlotte Brontë
74.9%
Jane Seymour
72.2%
Joan Collins
71%
Virginia Woolf
55.5%
Elizabeth Browning
54.4%
Emmeline Pankhurst
48%
Vera Lynn
46.7%
Margot Fonteyn
46.3%
% Correct
Mary Quant
45%
Nell Gwynne
37.8%
Mary Leakey
37.7%
Isabella Beeton
36.4%
Emma, Lady Hamilton
36.3%
Diane Abbott
35.5%
Mary Wollstonecraft
32.9%
Betty Boothroyd
32.9%
Amy Johnson
32.1%
Edith Nesbit
31.7%
Lady Caroline Lamb
31.7%
Catherine Booth
29.5%
Elizabeth Gaskell
28.4%
Edith Cavell
27.7%
Helen Sharman
25.9%
Elizabeth Fry
25.8%
Marie Stopes
25.6%
Mary Evans
25.2%
Emily Davison
22.4%
Dorothy Hodgkin
18.7%

You're not logged in!

Compare scores with friends on all Sporcle quizzes.
Join for Free
OR
Log In

You Might Also Like...

Show Comments

Extras

Top Quizzes Today


Score Distribution

Your Account Isn't Verified!

In order to create a playlist on Sporcle, you need to verify the email address you used during registration. Go to your Sporcle Settings to finish the process.

Report this User

Report this user for behavior that violates our Community Guidelines.

Details: